000 00796nam a2200241Ia 4500
003 OSt
005 20220923224404.0
006 a|||||r|||| 00| 0
007 ta
008 Pun
024 _a231,871
037 _cTextual
040 _aARTS
_cARTS
_bPun
041 _2Pun
_aPun
082 _aO153:g, M5
100 _aਖ਼ਰੈਜ਼ਕ, ਗੁਰਬ॥F ਸਿੰਘ
245 0 _aਵਿਰੋਧ ਵਿਕਾਸ ਅਤੇ ਸਾਹਿੱਤ
260 _aਲੁਧਿਆਣਾ
_b ਪੰਜਾਬੀ ਰਾਈਟਰਗ਼ ਕੋਆਪਰੇਟਿਵ ਸੋਸਾਇਟੀ
_c1985
300 _a56ਪੰ
_ccm.
650 _aਪੰਜਾਬੀ ਸਾਹਿਤ
942 _hO153:g, M5
_cTEXL
_2CC
999 _c371105
_d371105